Dynamické zaťažovanie vedení

Enregistré dans:
Détails bibliographiques
Auteur principal: Ficka, Patrik (Auteur)
Autres auteurs: Bendík, Jozef (Directeur de thèse)
Format: Manuscrit Livre
Langue:slovaque
Publié: 2025
Sujets:
Accès en ligne:http://is.stuba.sk/zp/portal_zp.pl?podrobnosti=177734
Tags: Ajouter un tag
Pas de tags, Soyez le premier à ajouter un tag!

MARC

LEADER 00000ntm a22000003a 4500
001 stuzp93893
003 SK-STU
005 20250614210331.2
007 ta
008 150427s2015----xo-----f-mn---000-0-slo-d
040 |a STU  |b slo 
041 0 |a slo 
100 1 |a Ficka, Patrik  |u 032000  |4 aut  |U FEI Fakulta elektrotechniky a informatiky  |T FEI Ústav elektroenergetiky a aplikovanej elektrotechniky  |X 122236  |U E020  |Y 548  |7 122236 
242 0 1 |a Dynamic Line Rating  |y eng 
245 1 0 |a Dynamické zaťažovanie vedení 
260 |c 2025 
650 4 |a Overhead power lines  |2 eng 
650 4 |a Static line rating  |2 eng 
650 4 |a Dynamic line rating  |2 eng 
650 4 |a Vonkajšie elektrické vedenia  |2 slo 
650 4 |a Statické zaťažovanie vedení  |2 slo 
650 4 |a Dynamické zaťažovanie vedení  |2 slo 
700 1 |a Bendík, Jozef  |u 032000  |k Z1  |4 ths  |U FEI Fakulta elektrotechniky a informatiky  |T FEI Ústav elektroenergetiky a aplikovanej elektrotechniky  |X 6068  |U E020  |Y 548  |7 A000006068 
856 4 |u http://is.stuba.sk/zp/portal_zp.pl?podrobnosti=177734